000 01291nam a22003737a 4500
003 CHAP
005 20220329140143.0
008 971013s1970 r 00010 d
010 _a47778
011 _a48750
035 _a52896
040 _cCHAP
090 _aTesis
100 0 0 _aReynaldo Holguín, Jesús.
_997066
245 _aEvaluación de las perspectivas del "Plan Chaac", Edo. de Yucatán
260 _aChapingo, Méx. :
_bEl autor,
_c1970
300 _a103 h.
_b: ilus. ; mapa
502 _aTesis (Ing. Agr. Esp. en Economía) -- ENA. Departamento de Economía Agrícola
590 _aALEPH
_b10
_c20130110
_lUCH01
_h1318
590 _aBATCH-UPD
_b10
_c20130110
_lUCH01
_h0136
590 _aBATCH-UPD
_b10
_c20130110
_lUCH01
_h1237
590 _aBATCH-UPD
_b10
_c20130409
_lUCH01
_h2133
590 _aBATCH-UPD
_b10
_c20130410
_lUCH01
_h0805
590 _aBATCH-UPD
_b10
_c20130914
_lUCH01
_h1657
590 _aCONVERSION
_b10
_c20130109
_lUCH01
_h1326
650 1 4 _aAgricultura
_xAspectos economicos
_xYucatan.
_91306
650 1 4 _aIrrigación
_xYucatán.
_960497
650 1 4 _aPlan Chaac.
_988652
650 1 4 _aPolítica agrícola
_xYucatán.
_990376
901 _aBK
942 _cFOLL
949 _bBC
_cTES
_d-117537
_eTS1
_i52896
_si
949 _bBC
_cTES
_d-117538
_eTS2
_fc.2
_i52896
_si
999 _c47778
_d47778